15 Most Populated U.S. States - Statistics

General Stats
  • This quiz has been taken 121 times
  • The average score is 12 of 15
Answer Stats
Population U.S. State % Correct
39,538,223 California
97%
29,145,505 Texas
97%
21,538,187 Florida
93%
20,201,249 New York
93%
12,812,508 Illinois
82%
11,799,448 Ohio
82%
10,077,331 Michigan
78%
10,439,388 North Carolina
76%
13,002,700 Pennsylvania
76%
10,711,908 Georgia
75%
7,029,917 Massachusetts
75%
7,705,281 Washington
73%
7,151,502 Arizona
71%
8,636,393 Virginia
69%
9,288,994 New Jersey
59%
No matching quizzes found
Score Distribution
Percent of People with Each Score
Percentile by Number Answered
Your Score History
You have not taken this quiz